Menjadi Pemimpin Besar Visioner Berkarakter: Visi, Transaksi, Transformasi, dan Karakter Kepemimpinan dan Manajemen Satuan Pendidikan Era Pergolakan Otoritas Negara (Record no. 23621)

000 -LEADER
fixed length control field 00598nam a2200169Ia 4500
020 ## - INTERNATIONAL STANDARD BOOK NUMBER
ISBN 978-602-9328-64-6
084 ## - OTHER CLASSIFICATION OF CALL NUMBER
Call Number (Nomor Katalog) 128-0213 DAN Gov Bo.1
100 ## - MAIN ENTRY--AUTHOR NAME
Personal name (Pengarang) Sudarwan Danim
245 #0 - TITLE STATEMENT
Sub Title (Anak Judul) Menjadi Pemimpin Besar Visioner Berkarakter: Visi, Transaksi, Transformasi, dan Karakter Kepemimpinan dan Manajemen Satuan Pendidikan Era Pergolakan Otoritas Negara
250 ## - EDITION STATEMENT
Edition statement (Edisi) Ke-1
260 ## - PUBLICATION, DISTRIBUTION, ETC. (IMPRINT)
Place of publication (Tempat Terbit/Kota) Bandung
Name of publisher (Nama Penerbit) Alfabeta
Year of publication (Tahun Terbit) 2012
300 ## - PHYSICAL DESCRIPTION
Number of Pages (Jumlah Halaman) i-x + 261 hlm
650 ## - SUBJECT ADDED ENTRY--TOPICAL TERM
Topical Term (Topik 1) Government, Pemerintahan
Relator term (Topik 2) G-O-V
Form subdivision (Topik 3) Karakter Kepemimpinan
942 ## - ADDED ENTRY ELEMENTS (KOHA)
Koha item type Books (Buku)
Holdings
Withdrawn status Lost status Damaged status Not for loan Permanent Location (Lokasi Permanen) Current Location (Lokasi Sekarang) Shelving location (Lokasi Rak) Date acquired Cost, normal purchase price (Harga Buku) Full call number (Nomor Katalog) Barcode Copy number (Jumlah Eksemplar) Price effective from Koha item type (Jenis Koleksi) Public note (Keterangan)
        Fisip Unmul Main Library Fisip Unmul Main Library Bookshelf 10/19/2023 8.00 128-0213 DAN Gov Bo.1 128021301 1 10/19/2023 Books (Buku) Sumbangan Dari Andri Mahasiswa PS Ilmu Pemerintahan